Bioremediation and Sustainability : Research and Applications /

Na minha lista:
Detalhes bibliográficos
Main Authors: Mohee, Romeela (Author), Mudhoo, Ackmez (Author)
Formato: Livro
Idioma:inglês
Publicado em: Hoboken Wiley 2012
Assuntos:
Tags: Adicionar Tag
Sem tags, seja o primeiro a adicionar uma tag!

MARC

LEADER 00000nam a22000003a 4500
001 0091485
003 SK-STU
005 20211112081228.3
007 ta
008 211112s ----xo-----e------000-0-----d
020 |a 978-1-118-06284-5 
040 |a STU  |b slo 
041 0 |a eng 
044 |a xxu 
100 1 |a Mohee, Romeela  |4 aut 
245 1 0 |a Bioremediation and Sustainability :  |b Research and Applications /  |c aut. Romeela Mohee, Ackmez Mudhoo 
260 |a Hoboken  |b Wiley  |c 2012 
300 |a 407 s. 
650 0 7 |a bioremediácia 
700 1 |a Mudhoo, Ackmez  |4 aut 
996 |b 284M088888  |c M* 14536-1  |l MMST  |s A  |a 24  |w 0091485_0001